000 00486nab a2200157Ia 4500
003 ES-SlBCS
005 20210601124313.0
008 140529s1983 xxu||||| |||| 00| 0 eng d
041 _aeng
100 1 _aImber, Michael
_9139445
245 0 0 _aIs There a Right to Education in America?
_c Michael Imber, Jared Namenson
650 0 4 _aEducación
_986687
700 1 _aNamenson, Jared
_9139446
773 0 _tEducational Theory
_gvol. 33, nº. 3-4, 1983, págs. 97-112
_wRev1399
942 _cAR
999 _c512602
_d512602